000 00489nam a2200193Ia 4500
005 20240823025042.0
008 240823s9999||||xx |||||||||||||| ||und||
041 _aENGLISH
082 _A325 P6
100 _aRajarshi Ghosh
245 0 _aMigration of Labor Global Perspectives
250 _a1
260 _c2006
_bThe ICFAI University
_aHyderabad
500 _aYES
650 _aMigration
_bManagement Studies
700 _a Asis Kumar Pain Eds.
942 _cBK
999 _c185389
_d185389